Not a lot, just forever by Adrianne Lenker - Statistics

General Stats
  • This quiz has been taken 51 times
  • The average score is 159 of 210
Answer Stats
Answer % Correct
a
100%
I
100%
i
100%
forever
98%
just
98%
lot
98%
not
98%
to
98%
in
95%
you
95%
together
93%
your
93%
and
88%
me
88%
intertwined
85%
sewn
85%
be
83%
the
83%
is
75%
my
75%
so
75%
baby
73%
could
73%
good
73%
we
73%
grow
68%
mother
68%
wife
68%
eyes
65%
fantasy
65%
hold
65%
like
65%
see
65%
Through
65%
at
63%
dearest
63%
her
63%
let
63%
weather
63%
as
60%
joy
60%
knife
60%
she
60%
smile
60%
tether
60%
barks
58%
dog
58%
ex
58%
infancy
58%
protect
58%
try
58%
wanna
58%
am
55%
believer
55%
feather
55%
letter
55%
rock
53%
bears
50%
calm
50%
get
50%
sweater
50%
tears
50%
wildly
50%
remind
48%
wolf
48%
both
45%
steal
45%
still
45%
cant
43%
from
40%
house
40%
or
40%
wren
40%
sheds
38%
much
35%
once
35%
share
35%
twice
35%
around
33%
better
33%
comes
33%
mouth
33%
poison
33%
stains
33%
bash
30%
paradise
30%
them
30%
brings
25%
that
25%
bares
23%
feathers
23%
roll
23%
No matching quizzes found
Score Distribution
Percent of People with Each Score
Percentile by Number Answered
Your Score History
You have not taken this quiz